| 000 | 00535nam a2200217Ia 4500 | ||
|---|---|---|---|
| 003 | OSt | ||
| 005 | 20230612161902.0 | ||
| 008 | 210423s2016 xx 000 0 und d | ||
| 020 | _a978-81-219-0599-2 | ||
| 040 | _cAL | ||
| 041 | _aeng | ||
| 082 |
_a531 _223 _bMATM |
||
| 100 |
_aMATHUR (D S);HEMNE (P S) _980941 |
||
| 245 | _aMechanics | ||
| 260 |
_aNew Delhi _bS Chand & Company Ltd _c2016 |
||
| 300 |
_axiii,834 _bPB |
||
| 365 |
_b575 _cINR |
||
| 650 |
_aClassical Mechanics _980942 |
||
| 906 | _aMechanics | ||
| 942 |
_2ddc _cBK |
||
| 999 |
_c168940 _d168940 |
||